Datum a čas kvízu
39
Celkem bodů
Celkový počet nahraných bodů na tomto kvízu bez doplňovacích otázek.
2.
Pořadí na kvízu
Konečné umístění týmu na tomto kvízu.
Zaznamenané odpovědi
| # | Otázka | Odpověď | Body | Výsledky |
|---|---|---|---|---|
| 1. | Který muž byl jmenován do funk... | A | 1 | |
| 2. | Parlament kterého tichomořskéh... | A | 1 | |
| 3. | Komu bude věnován letošní ročn... | Václavu Havlovi | 0 | |
| 4. | Ministr spravedlnosti Jeroným... | B) 3 lety | 1 | |
| 5. | Na okruhu ležícím poblíž jedno... | Most | 1 | |
| 6. | Vítězné téma facebookového hla... | 36 týmů | 0 | |
| 7. | Ve kterých třech jazycích je s... | angličtina, francouzština, němčina | 0.5 | |
| 8. | Pokud budeme počítat i předchů... | C | 0 | |
| 9. | Ve finále v roce 2012 zaznamen... | Petr Čech | 0 | |
| 10. | Historicky nejlepšími střelci... | Robert Lewandowski | 1 |